| 000 | 02233cam a22004937a 4500 | ||
|---|---|---|---|
| 001 | 17503641 | ||
| 005 | 20170105102915.0 | ||
| 008 | 120912s2012 enk b 001 0aeng d | ||
| 010 | _a 2012517170 | ||
| 015 |
_aGBB249856 _2bnb |
||
| 016 | 7 |
_a016090822 _2Uk |
|
| 020 | _a9780745332765 (hbk.) | ||
| 020 | _a0745332765 (hbk.) | ||
| 020 | _z9781849647526 (PDF ebook) | ||
| 020 | _z1849647526 (PDF ebook) | ||
| 020 | _z9781849647540 (Kindle ebook) | ||
| 020 | _z1849647542 (Kindle ebook) | ||
| 020 | _z9781849647533 (ePub ebook) | ||
| 020 | _z1849647534 (ePub ebook) | ||
| 035 | _a(OCoLC)ocn794296309 | ||
| 040 |
_aUKMGB _beng _cUKMGB _dBTCTA _dOCLCO _dYDXCP _dYNK _dCDX _dBWX _dDGU _dOCLCO _dNDD _dIXA _dVP@ _dOBE _dDLC |
||
| 042 | _alccopycat | ||
| 043 |
_ae-uk--- _aa-is--- |
||
| 050 | 0 | 0 |
_aDS135.E6 _bL376 2012 |
| 082 | 0 | 4 |
_a956.9405092 _223 |
| 100 | 1 | _aLerman, Antony. | |
| 245 | 1 | 4 |
_aThe making and unmaking of a Zionist : _ba personal and political journey / _cAntony Lerman. |
| 260 |
_aLondon : _bPluto Press ; _aNew York : _bDistributed in the United States of America exclusively by Palgrave Macmillan, _c2012. |
||
| 300 |
_axii, 228 p. ; _c24 cm. |
||
| 504 | _aIncludes bibliographical references (p. 209-211) and index. | ||
| 505 | 0 | _aFrom Bourgeois to builder -- Sunrise over the Carmel -- Socialist Zionist -- 'It is no dream' -- Searching for myself -- Rocking the boat -- Political animal -- Darkening skies in Israel and Europe -- Shedding illusions -- Out of the frying pan, into the fire -- Character assassination and self-censorship -- 'Gunning for Lerman' -- Pressing on -- The sense of an ending -- Afterword. | |
| 600 | 1 | 0 | _aLerman, Antony. |
| 600 | 1 | 0 |
_aLerman, Antony _xPolitical and social views. |
| 650 | 0 |
_aJews _zGreat Britain _vBiography. |
|
| 650 | 0 |
_aZionists _zGreat Britain _vBiography. |
|
| 650 | 0 |
_aJews _xPolitics and government. |
|
| 650 | 0 | _aZionism. | |
| 650 | 0 |
_aArab-Israeli conflict _xSocial aspects. |
|
| 651 | 0 |
_aIsrael _xPolitics and government _y1967-1993. |
|
| 651 | 0 |
_aIsrael _xPolitics and government _y1993- |
|
| 906 |
_a7 _bcbc _ccopycat _d2 _encip _f20 _gy-gencatlg |
||
| 942 |
_2ddc _cBK |
||
| 999 |
_c15313 _d15313 |
||